| 000 | 01389 a2200253 4500 | ||
|---|---|---|---|
| 005 | 20180601113205.0 | ||
| 010 | _aHIN-79050 राष्ट्रपति-2 B-694128 | ||
| 020 |
_c195.00 _a8188529420 |
||
| 020 |
_c395.00 राष्ट्रपति-2 _a9788189068363 |
||
| 035 | _aHN-51397 | ||
| 035 | _aB-694128 | ||
| 037 | _bD.B.Act / pub | ||
| 037 | _bकिताबघर | ||
| 082 | _a220.2 | ||
| 100 | _aवेदावाचस्पति, प्रियव्रत | ||
| 245 |
_aसमाज का कायाकल्प / _cविद्यामार्तंड प्रियव्रत वेदावाचस्पति |
||
| 246 |
_aSamaj ka kayakalp _bby Priyavrat Vedavachspati |
||
| 260 |
_aनई दिल्ली _bकिरण प्रकाशन _c2012 |
||
| 270 |
_aदूसरी मंजिल,बी-109,प्रीत विहार _e110092 |
||
| 300 |
_a199पृ _a219पृ राष्ट्रपति-2 _c22 सेमी (सजिल्द) |
||
| 500 | _aराष्ट्ररति-2 | ||
| 942 |
_adpl _cHN _k220.2 / वेदावा _2ddc _h220.2 _mवेदावा |
||
| 999 |
_c1169 _d1169 |
||